000 01055nas a2200253Ia 4500
001 R142/G5589
003 IT-RoPAU
008 151124c99999999xx |||||||||||| ||und||
040 _aIT-RoPAU
040 _cIT-RoPAU
041 _aFRANCESE
100 _aCallon Michel
_gCodice Aut. SPICS: 31952
210 _aRESEAUX
222 _aReseaux
245 _aRESEAUX, N.099 (GENNAIO/FEBBRAIO 2000)
_bAnalyse Des Relations Strategiques Entre Laboratoires Universitaires Et Entreprises
250 _a1a ed.
260 _aPARIS
_bHERMES
_c2000
501 _bPaulus - SPICS - Società San Paolo EM (non-commercial uses only)
_cCopyright2015
300 _a47 p. [171-217]
362 _aN.099 (GENNAIO/FEBBRAIO 2000)
500 _aAnalisi Delle Relazioni Strategiche tra Laboratori Universitari e Imprese.Statuto Economico del Sapere Scientifico nella Nuova Economia Delle Scienze: Proprietà Economiche Delle Conoscenze, Conoscenze Scientifiche e Coordinazione per il Mercato. per L'Ant
650 _aCOMUNICAZIONE
_vPUBBLICAZIONE PERIODICA
942 _cCR
999 _c194845
_d194845